000 00326nam a22001337a 4500
020 _a9788120314917
040 _cnust
082 _a621.381
_bNAG
100 _aNagrath. J. I
_9122715
245 _aElectronics
_bAnalog and Digital
260 _anew Delhi:
_bAsoke K. Ghosh,
_c2002.
650 _aElectronics
942 _2ddc
_cBK
999 _c609158
_d609158